| 000 | 04002cam a2200433 i 4500 | ||
|---|---|---|---|
| 001 | 23677163 | ||
| 005 | 20250523064210.0 | ||
| 008 | 240506t20202020enka 000 j kor d | ||
| 010 | _a 2024404134 | ||
| 015 |
_aGBC051680 _2bnb |
||
| 020 | _a9781529303056 | ||
| 035 | _a(OCoLC)on1090851331 | ||
| 040 |
_aYDX _beng _erda _cYDX _dNZLEP _dGK8 _dOCLCQ _dOCLCF _dUKMGB _dOCLCO _dOCL _dWIM _dUAP _dJTH _dOCL _dOCLCO _dFXN _dOCLCO _dBKL _dOCLCQ _dOCLCO _dEAU _dOCL _dOCLCO _dOCLCL _dDLC |
||
| 041 | 0 |
_akor _aeng |
|
| 042 | _alccopycat | ||
| 050 | 0 | 0 |
_aPL913.65 _b.R53 2020 |
| 100 |
_aRichards, Olly _eauthor _912403 |
||
| 245 | 1 | 0 |
_aShort stories in Korean for intermediate learners _b: read for pleasure at your level and learn Korean the fun way! _c/ Olly Richards ; series editor Rebecca Moeller ; development editor Hyojin An. |
| 260 |
_aLondon : _bJohn Murray Learning, _c2020. |
||
| 300 |
_axviii, 220 pages : _billustrations ; _c20 cm |
||
| 490 | _aForeign language graded reader series | ||
| 490 | _aTeach yourself | ||
| 505 | _aMapped to B1-B2 on the Common European Framework of Reference — A glossary for bolded words in each text — A bilingual word list — Full plot summary — Comprehension questions after each chapter. | ||
| 520 | _aOlly's top-notch language-learning insights are right in line with the best of what we know from neuroscience and cognitive psychology about how to learn effectively. I love his work - and you will too! - Barbara Oakley, PhD, Author of New York Times bestseller A Mind for Numbers Short Stories in Korean for Intermediate Learners has been written especially for students from low-intermediate to intermediate level, designed to give a sense of achievement, a feeling of progress and most importantly - enjoyment! Mapped to B1 on the Common European Framework of Reference, these eight captivating stories are designed to give you a sense of achievement and a feeling of progress when reading. What does this book give you? - Eight stories in a variety of exciting genres, from science fiction and crime to history and thriller - making reading fun, while you learn a wide range of new vocabulary -Controlled language at your level, including the 1000 most frequent words, to help you progress confidently -Authentic spoken dialogues, to help you learn conversational expressions and improve your speaking ability -Pleasure! It's much easier to learn a new language when you're having fun, and research shows that if you're enjoying reading in a foreign language, you won't experience the usual feelings of frustration - 'It's too hard!' 'I don't understand!' -Accessible grammar so you learn new structures naturally, in a stress-free way Carefully curated to make learning a new language easy, these stories include key features that will support and consolidate your progress, including -A glossary for bolded words in each text -Full plot summary -A bilingual word list -Comprehension questions after each chapter. As a result, you will be able to focus on enjoying reading, delighting in your improved range of vocabulary and grasp of the language, without ever feeling overwhelmed or frustrated. From science fiction to fantasy, to crime and thrillers, Short Stories in Korean for Intermediate Learners will make learning Korean easy and enjoyable. | ||
| 521 | _aFor low-intermediate to intermediate language learners. | ||
| 650 | 0 |
_aKorean language _vReaders _925319 |
|
| 650 | 0 |
_aShort stories, Korean _vTranslations into English _925320 |
|
| 650 | 0 |
_aShort stories, Korean _925321 |
|
| 650 | 0 |
_aKorean language _vSelf-instruction _925322 |
|
| 650 | 0 |
_aKorean language _xStudy and teaching _xForeign speakers _925323 |
|
| 650 | 0 |
_aReaders (Adult) _925300 |
|
| 655 | 0 |
_aShort stories _922375 |
|
| 655 | 0 |
_aReaders (Publications) _925108 |
|
| 655 | 0 |
_aSelf-instructional works _925331 |
|
| 655 | 0 |
_aInstructional and educational works _923270 |
|
| 700 |
_aMoeller, Rebecca Klevberg _eeditor _925299 |
||
| 700 |
_aAn, Hyojin _eeditor _925324 |
||
| 942 | _2lcc | ||
| 999 |
_c4698 _d4698 |
||